000 00483nam a2200193Ia 4500
005 20240823045825.0
008 240823s9999||||xx |||||||||||||| ||und||
020 _a978-0-07-451770-3
041 _aENGLISH
082 _A330.08 Q0
100 _aMonappa Arun
245 0 _aIndustrial Relations
250 _a1st
260 _c2010
_bMcGraw - Hill Higher Educ
_aNew York
500 _aYES
650 _aIndustrial Relations
_bManagement Studies
942 _cBK
999 _c215847
_d215847